Dialog Beruf 2: Arbeitsbuch

Chi tiết về thư mục
Tác giả chính: Becker N. Norbert
Tác giả khác: Braunert J. Jorg, Eisfeld H. K. Heinz K
Ngôn ngữ:Tiếng Đức
Được phát hành: Munchen, Max Hueber Verlag, 1997
Những chủ đề:
Định dạng: Sách
KOHA link:https://koha.lib.tpu.ru/cgi-bin/koha/opac-detail.pl?biblionumber=12282

MARC

LEADER 00000nam0a2200000 4500
001 12282
005 20231030184212.0
010 |a 3190115915 
035 |a (RuTPU)RU\TPU\book\12358 
035 |a BOOK00012424 
090 |a 12282 
100 |a 20011209d1997 m y0gery50 ba 
101 0 |a ger 
102 |a DE 
105 |a y j 000zy 
200 1 |a Dialog Beruf 2  |e Arbeitsbuch  |f N. Becker, J. Braunert, H. K. Eisfeld 
210 |a Munchen  |c Max Hueber Verlag  |d 1997 
215 |a 140 p. 
517 1 |a Deutsch als fremdsprache fur grundsufe 
610 1 |a немецкий язык 
610 1 |a учебные пособия 
610 1 |a экономика 
610 1 |a бизнес 
686 |a Ш143.24-923  |v LBC/SL-A  |2 rubbk 
700 1 |a Becker  |b N.  |g Norbert 
701 1 |a Braunert  |b J.  |g Jorg 
701 1 |a Eisfeld  |b H. K.  |g Heinz K 
801 0 |a RU  |b 63413507  |c 20011209  |g PSBO 
801 2 |a RU  |b 63413507  |c 20221004  |g PSBO 
942 |c BK